| 000 | 01095 a2200313 4500 | ||
|---|---|---|---|
| 999 |
_c160581 _d41690 |
||
| 001 | 160581 | ||
| 003 | TR-AnTOB | ||
| 005 | 20240916105218.0 | ||
| 007 | ta | ||
| 008 | 161110s2004 tu tu 0 tur | ||
| 040 |
_aTR-AnTOB _beng _erda _cTR-AnTOB |
||
| 041 | 0 | _atur | |
| 050 | 0 | 4 |
_aHC493.G86 _bG86 2004 |
| 090 |
_aHC493.G86 _bG86 2004 |
||
| 111 |
_aGümüşhane İlinin Ekonomik Kalkınması _d(2004) _967314 |
||
| 245 | 1 | 0 |
_aGümüşhane ilinin ekonomik kalkınması : _bSeminer:açış-tebliğler-panel,6 Ağustos 2004. |
| 264 | 1 |
_aİstanbul : _bİktisadi Araştırmalar Vakfı, _c2004. |
|
| 300 |
_a215 pages : _btables, maps ; _c24 cm |
||
| 336 |
_2rdacontent _atext _btxt |
||
| 337 |
_2rdamedia _aunmediated _bn |
||
| 338 |
_2rdacarrier _avolume _bnc |
||
| 490 | 0 |
_aİktisadi Araştırmalar Vakfı ; _v2004/173 |
|
| 651 | 0 |
_aGümüşhane İli (Türkiye) _xEkonomik durum _vKongreler _967315 |
|
| 651 | 0 |
_aGümüşhane İli (Turkey) _xEconomic conditions _vCongresses _967316 |
|
| 902 | _aT000973 (023541) | ||
| 903 | _aTOBB Koleksiyonu | ||
| 942 |
_cBK _2lcc |
||